| 000 | 00445cam a22001457a 4500 | ||
|---|---|---|---|
| 008 | 180718b1955 xxu||||| |||| 00| 0 eng d | ||
| 082 | _aB13x73 M194 | ||
| 100 | _aMcKee, Elmore McNeill | ||
| 245 |
_aPeople act: stories of how Americans are coming together to deal with their community problems _cby Elmore Mc Neill McKee |
||
| 260 |
_aN.Y. _bHarper _c1955 |
||
| 300 | _a269p. | ||
| 440 | _abibl. | ||
| 500 | _a$3.50 | ||
| 650 | _aCommunity - USA | ||
| 999 |
_c373063 _d373063 |
||